[Event "Wch U10"]
[Site "Montesilvano"]
[Date "2024.11.18"]
[Round "4"]
[White "Golya, David"]
[Black "Modith, Aaroh Mutyalapati"]
[Result "0-1"]
[WhiteElo "1672"]
[BlackElo "1893"]
[PlyCount "82"]
[EventDate "2024.11.15"]
[EventType "swiss"]
[EventRounds "11"]
[EventCountry "ITA"]
[SourceTitle "CB48_2024"]
[SourceDate "2024.11.28"]
[SourceVersion "1"]
[SourceVersionDate "2024.11.28"]
[SourceQuality "1"]

1. e4 e6 2. d4 d5 3. Bd3 dxe4 4. Bxe4 Nf6 5. Bf3 c5 6. Be3 Nd5 7. Bxd5 Qxd5 8. Nf3 cxd4 9. Qxd4 Qa5+ 10. Bd2 Qc7 11. Nc3 Nc6 12. Nb5 Qe7 13. Qc3 a6 14. Ne5 axb5 15. Nxc6 Qd6 16. Nd4 Bd7 17. 0-0 e5 18. Rfe1 Be7 19. Nf3 f6 20. a3 Qc6 21. Qd3 Be6 22. b4 0-0 23. c3 Rfd8 24. Qe3 Rd6 25. h3 Bd8 26. Red1 Bb6 27. Qe1 Bxh3 28. Rdc1 Bg4 29. Nh2 Bf5 30. Be3 Bxe3 31. Qxe3 Rd3 32. Qe1 e4 33. f3 e3 34. Nf1 Re8 35. Ng3 Bg6 36. Ne2 Rd2 37. Rd1 Qc4 38. Nd4 Qxc3 39. Nxb5 Qb2 40. Rxd2 exd2 41. Qf1 Qxa1 0-1

[Event "GEO World Cup-B U10"]
[Site "Batumi"]
[Date "2024.06.29"]
[Round "7"]
[White "Zabelin, Platon"]
[Black "Modith, Aaroh Mutyalapati"]
[Result "1-0"]
[WhiteElo "1799"]
[BlackElo "1866"]
[PlyCount "75"]
[EventDate "2024.06.23"]
[EventType "swiss"]
[EventRounds "7"]
[EventCountry "GEO"]
[SourceTitle "EXT 2025"]
[Source "ChessBase"]
[SourceDate "2024.10.14"]
[SourceVersion "1"]
[SourceVersionDate "2024.10.14"]
[SourceQuality "1"]

1. d4 d5 2. c4 c6 3. cxd5 cxd5 4. Nc3 Nc6 5. Nf3 Nf6 6. Bf4 Bg4 7. Ne5 e6 8. Qa4 Qb6 9. Nxc6 bxc6 10. e3 Be7 11. Bd3 0-0 12. Qc2 Bh5 13. 0-0 Bg6 14. Bxg6 hxg6 15. Na4 Qb5 16. Rfc1 Rac8 17. Rab1 Nd7 18. b4 g5 19. Bg3 Nb6 20. Nc5 Nc4 21. a4 Qb6 22. Nd7 Qb7 23. Nxf8 Rxf8 24. Qc3 f5 25. Be5 f4 26. exf4 gxf4 27. Qh3 Rf5 28. Qg4 Bg5 29. h4 Bh6 30. Rd1 Qf7 31. Rd3 Qb7 32. Qg6 Qe7 33. Re1 Qxb4 34. Qxe6+ Rf7 35. Bc7 Ne3 36. Rc1 Nxg2 37. Kxg2 f3+ 38. Rxf3 1-0

[Event "GEO World Cup-B U10"]
[Site "Batumi"]
[Date "2024.06.25"]
[Round "3"]
[White "Modith, Aaroh Mutyalapati"]
[Black "Xia, Joshua"]
[Result "1/2-1/2"]
[WhiteElo "1866"]
[BlackElo "2060"]
[PlyCount "79"]
[EventDate "2024.06.23"]
[EventType "swiss"]
[EventRounds "7"]
[EventCountry "GEO"]
[SourceTitle "EXT 2025"]
[Source "ChessBase"]
[SourceDate "2024.10.14"]
[SourceVersion "1"]
[SourceVersionDate "2024.10.14"]
[SourceQuality "1"]

1. e4 c5 2. Nf3 d6 3. d4 cxd4 4. Nxd4 Nf6 5. Nc3 a6 6. Bc4 e6 7. Bb3 Nbd7 8. Bg5 Nc5 9. f4 Be7 10. Qf3 Nfd7 11. Bxe7 Qxe7 12. 0-0-0 Nb6 13. Rhe1 Nxb3+ 14. axb3 0-0 15. e5 dxe5 16. Rxe5 Rd8 17. Qg3 Qf8 18. Ne4 Nd5 19. c4 Ne7 20. Rh5 Ng6 21. Ng5 h6 22. Ngf3 a5 23. Nc2 Rxd1+ 24. Kxd1 Qd6+ 25. Nd2 Qxf4 26. Rc5 e5 27. Rd5 Be6 28. Rd3 Rb8 29. Ne3 Kf8 30. Nd5 Qxg3 31. hxg3 Rd8 32. Nb4 Ke7 33. Nd5+ Kf8 34. Nb4 Rxd3 35. Nxd3 b6 36. c5 bxc5 37. Nxc5 Bd5 38. Nc4 Bxc4 39. bxc4 Ke7 40. Nb7 1/2-1/2

[Event "GEO World Cup-B U10"]
[Site "Batumi"]
[Date "2024.06.23"]
[Round "1"]
[White "Jibladze, Nikoloz"]
[Black "Modith, Aaroh Mutyalapati"]
[Result "0-1"]
[WhiteElo "1612"]
[BlackElo "1866"]
[PlyCount "96"]
[EventDate "2024.06.23"]
[EventType "swiss"]
[EventRounds "7"]
[EventCountry "GEO"]
[SourceTitle "EXT 2025"]
[Source "ChessBase"]
[SourceDate "2024.10.14"]
[SourceVersion "1"]
[SourceVersionDate "2024.10.14"]
[SourceQuality "1"]

1. e4 e6 2. d4 d5 3. Nc3 Nf6 4. Bg5 Be7 5. e5 Nfd7 6. h4 h6 7. Bxe7 Qxe7 8. Qg4 Kf8 9. f4 h5 10. Qf3 c5 11. 0-0-0 Nc6 12. dxc5 a6 13. Nh3 Nxc5 14. Ng5 b5 15. Ne2 Bb7 16. Qh3 Rc8 17. f5 Nxe5 18. Nf4 exf5 19. Qxf5 g6 20. Nfe6+ Nxe6 21. Qxe5 Ng7 22. Qxe7+ Kxe7 23. Bd3 f5 24. Rde1+ Kf6 25. Re2 Rce8 26. Rhe1 Rxe2 27. Rxe2 Bc8 28. Kd2 Ne6 29. Nxe6 Bxe6 30. c3 Re8 31. Ke3 Rc8 32. Kf4 d4 33. cxd4 Bxa2 34. Rc2 Rxc2 35. Bxc2 Bd5 36. g3 a5 37. Bd3 b4 38. Bc2 b3 39. Bb1 a4 40. Bd3 Be4 41. Bc4 a3 42. bxa3 b2 43. Ba2 b1Q 44. Bxb1 Bxb1 45. d5 Be4 46. d6 Ke6 47. Kg5 Kxd6 48. a4 Ke5 0-1

[Event "Wch U08 blitz"]
[Site "Rhodes"]
[Date "2022.05.03"]
[Round "5"]
[White "Trejbal, Jindrich"]
[Black "Modith, Aaroh Mutyalapati"]
[Result "0-1"]
[WhiteElo "1933"]
[BlackElo "1598"]
[PlyCount "72"]
[EventDate "2022.05.03"]
[EventType "swiss (blitz)"]
[EventRounds "9"]
[EventCountry "GRE"]
[SourceTitle "CBM 208 Extra"]
[Source "ChessBase"]
[SourceDate "2022.07.31"]
[SourceVersion "1"]
[SourceVersionDate "2022.07.31"]
[SourceQuality "1"]

1. e4 c5 2. c4 Nc6 3. Nf3 e6 4. g3 d5 5. exd5 exd5 6. Nc3 d4 7. Na4 Bg4 8. Bg2 Nf6 9. d3 Be7 10. 0-0 0-0 11. Qd2 a6 12. b3 b5 13. Nb2 bxc4 14. Nxc4 Bf5 15. Re1 Rc8 16. Ba3 Be6 17. Nfe5 Nxe5 18. Rxe5 Bxc4 19. bxc4 Bd6 20. Re2 Qb6 21. Qb2 Rb8 22. Rb1 Qa5 23. Qc1 Rxb1 24. Qxb1 Qxa3 25. Qb6 Qc1+ 26. Bf1 Ne8 27. Rxe8 Rxe8 28. Qxd6 h6 29. Qxa6 Re1 30. Kg2 Rxf1 31. Kh3 Rxf2 32. Qc8+ Kh7 33. Qxc5 Qf1+ 34. Kh4 Rxh2+ 35. Kg4 Qe2+ 36. Kf5 Rh5+ 0-1

[Event "Wch U08 rapid"]
[Site "Rhodes"]
[Date "2022.05.01"]
[Round "5"]
[White "Modith, Aaroh Mutyalapati"]
[Black "Popov, Alexander And"]
[Result "1-0"]
[WhiteElo "1598"]
[BlackElo "1244"]
[PlyCount "101"]
[EventDate "2022.05.01"]
[EventType "swiss (rapid)"]
[EventRounds "9"]
[EventCountry "GRE"]
[SourceTitle "CBM 208 Extra"]
[Source "ChessBase"]
[SourceDate "2022.07.31"]
[SourceVersion "1"]
[SourceVersionDate "2022.07.31"]
[SourceQuality "1"]

1. e4 e5 2. Nf3 Nc6 3. Bb5 a6 4. Bxc6 dxc6 5. Nc3 Bd6 6. d4 exd4 7. Qxd4 Bf8 8. Qxd8+ Kxd8 9. Bg5+ Be7 10. 0-0-0+ Ke8 11. Bxe7 Nxe7 12. Rd3 Bd7 13. Rhd1 Be6 14. Nd4 Bc4 15. Rf3 f6 16. b3 Bf7 17. Rg3 g5 18. Nf5 Nxf5 19. exf5 Kf8 20. Ne4 Kg7 21. Rd7 Rac8 22. Nc5 Rhd8 23. Ne6+ Kg8 24. Rxd8+ Rxd8 25. Nxd8 Bd5 26. Ne6 Kf7 27. Nxc7 Be4 28. Ne6 Bxf5 29. Nd4 Bd7 30. Rd3 Ke7 31. Re3+ Kf7 32. c4 c5 33. Nc2 Bc6 34. f3 Bd7 35. Kd2 Bc6 36. b4 Bd7 37. bxc5 Bc6 38. Nd4 Bd7 39. Rd3 Ke7 40. c6 bxc6 41. c5 Be8 42. Ra3 h5 43. Rxa6 Bd7 44. Ra7 Kd8 45. a4 Kc8 46. a5 Be8 47. a6 Kb8 48. Re7 Bg6 49. Nxc6+ Kc8 50. a7 Be8 51. a8R# 1-0